Administración de las operaciones (Registro nro. 2636)

Detalles MARC
000 -LEADER
fixed length control field 01478 a2200205 4500
001 - CONTROL NUMBER
control field 36317
005 - DATE AND TIME OF LATEST TRANSACTION
control field 20260407155639.0
008 - FIXED-LENGTH DATA ELEMENTS--GENERAL INFORMATION
fixed length control field 260407a1999 arg spa d
003 - CONTROL NUMBER IDENTIFIER
control field AR-UNSa-BCEJYS
040 ## - CATALOGING SOURCE
Original cataloging agency AR-UNSa-BCEJYS
Language of cataloging spa
Transcribing agency AR-UNSa-BCEJYS
080 ## - UNIVERSAL DECIMAL CLASSIFICATION NUMBER
Universal Decimal Classification number 658.5
Common auxiliary subdivision Planificación y control de la producción<br/>
041 ## - LANGUAGE CODE
Language code of text/sound track or separate title spa
100 1# - MAIN ENTRY--PERSONAL NAME
Personal name Meredith, Jack R.
245 10 - TITLE STATEMENT
Title Administración de las operaciones
Name of part/section of a work un énfasis conceptual
264 #1 - PRODUCTION, PUBLICATION, DISTRIBUTION, MANUFACTURE, AND COPYRIGHT NOTICE
Place of production, publication, distribution, manufacture México :
Name of producer, publisher, distributor, manufacturer Limusa-Wiley
Date of production, publication, distribution, manufacture, or copyright notice 1999
300 ## - PHYSICAL DESCRIPTION
Extent 781 p.
Dimensions 28 cm.
505 ## - FORMATTED CONTENTS NOTE
Formatted contents note I.: La función de operaciones en un mercado global: 1. La naturaleza de la función de operaciones - 2. Competitividad medio de la función de operaciones: calida y productividad - 3. La estrategia de operaciones - 4. Selección y diseño del producto o sevicio - II.: Diseño de proceso de transformación: 5. Planeación de la capacidad - 6. Localización de las instalaciones - 7. El proceso de transformación - 8. Distribución de las instalaciones - 9. Diseño de trabajo -III.: Planeación de las operaciones: 10. Planeación agregada y programación maestra - 11. Administración de inventarios - 12. Planeación de requerimientos de materiales - 13. Programación detallada - 14. Sistemas justo-a- tiempo - 15. Administración de proyectos - 16. Administración de la calidad - IV.:Control del proceso de transformación: 17. Control de calidad - Confiabilidad y mantenimiento.
590 ## - LOCAL NOTE (RLIN)
Local note niveau_biblio:m niveau_hierar:0
942 ## - ADDED ENTRY ELEMENTS (KOHA)
Koha item type
Existencias
Withdrawn status Lost status Damaged status Not for loan Home library Current library Shelving location Date acquired Total checkouts Full call number Barcode Date last seen Price effective from Koha item type
        Biblioteca Prof. Eusebio Cleto del Rey Biblioteca Prof. Eusebio Cleto del Rey   07/04/2026   658.5 M558 2ed. L86619 07/04/2026 07/04/2026 Libro
        Biblioteca Prof. Eusebio Cleto del Rey Biblioteca Prof. Eusebio Cleto del Rey   07/04/2026   658.5 M558 2ed. L86621 07/04/2026 07/04/2026 Libro
        Biblioteca Prof. Eusebio Cleto del Rey Biblioteca Prof. Eusebio Cleto del Rey   07/04/2026   658.5 M558 2ed. L86620 07/04/2026 07/04/2026 Libro
        Biblioteca Prof. Eusebio Cleto del Rey Biblioteca Prof. Eusebio Cleto del Rey   07/04/2026   658.5 M558 2ed. L86623 07/04/2026 07/04/2026 Libro
        Biblioteca Prof. Eusebio Cleto del Rey Biblioteca Prof. Eusebio Cleto del Rey   07/04/2026   658.5 M558 2ed. L86622 07/04/2026 07/04/2026 Libro